000 00785cam a22002414a 4500
001 12483689
005 20180306093605.0
008 010726s2001 enka b 001 0 eng
010 _a 2001036906
020 _a0198782632
040 _aDLC
_cDLC
_dDLC
041 _aeng
042 _apcc
080 _a327.101 joh
082 0 0 _a327.101 joh
_221
100 _a24
101 _apol
245 0 4 _aThe globalization of world politics :
_cedited by John Baylis and Steve Smith.
504 _aIncludes bibliographical references and index.
906 _a7
_bcbc
_corignew
_d1
_eocip
_f20
_gy-gencatlg
942 _2ddc
_cBK
999 _c44232
_d44232